000 00895nam a2200253 a 4500
001 BRCA_3558
005 20190320204331.0
008 030809s1933----ag a---###---#000-0#spa-#
041 _aspa
044 _aag
050 4 _aNK7131
_b.M37 1933
100 1 _aMárquez Miranda, Fernando
_99237
245 1 0 _aEnsayo sobre los artífices de la platería en el Buenos Aires colonial
_cpor Fernando Márquez Miranda.
260 _aBuenos Aires
_bImp. de la Universidad
_c1933
300 _a235 p.
_bil., 10 láminas
_c28 cm.
440 0 _aBuenos Aires. Universidad Nacional. Publicaciones del Instituto de Investigaciones Históricas
_v62
_99238
500 _aA la cabeza de la portada: Facultad de Filosofía y Letras
500 _aB226
650 1 4 _aPlatería
_zArgentina
_99239
650 1 4 _aGremios
_zArgentina
_99240
650 1 4 _aMetalarios
_zArgentina
_99241
902 _aGFM
942 _2lcc
_cB
999 _c3293
_d3293